000 00925cam a2200277 a 4500
001 000005482
005 20200929151705.0
008 981009s1998 sp b 000 0 spa
020 _a8437616158
040 _aDO-SdBNP
_cDLC
_dDLC
082 _a808
_bG731a
100 1 _aGracián y Morales, Baltasar,
_d1601-1658
_93393
245 1 0 _aArte de ingenio, tratado de la agudeza /
_cBaltasar Gracián ; edición de Emilio Blanco.
260 _aMadrid :
_bCátedra,
_c1998.
300 _a427 p. :
_bil. ;
_c18 cm.
490 1 _aLetras hispánicas
_v443
504 _aIncluye referencias bibliográficas (p. 97-124).
650 4 _aEstilo literario
_95690
650 4 _aLiteratura
_xEstética
_915555
650 4 _aIdioma español
_xEstilo
_915556
650 4 _aRetórica
_96217
700 1 _aBlanco, Emilio,
_eed.
_915557
830 0 _aLetras hispánicas ;
_vno. 443
_94208
910 _aCatalogación por copia / LC
910 _aWM
999 _c5281
_d5281